Statistiche per Riconosci la Squadra di calcio - Quiz n°36

Clicka qui per fare il quiz!

Statistiche generali

  • Questo quiz è stato fatto 4 volte
  • Il punteggio medio è 6 su 9

Statistiche sulle risposte

IndizioRisposta% Corretto
Colori socialiVerde, bianco, granata
100%
Trofei internazionali1 Coppe Libertadores
1 Torneo Internazionale dei Club Campioni
1 Recopa Sudamericana
75%
Titoli nazionali4 Titoli del Brasile
75%
Fondazione1902
50%
Trofei nazionali1 Coppa del Brasile
50%
Capienza Stadio78 838 posti
50%
ConfederazioneCONMBEBOL
50%
SquadraFluminense
50%
Divisione nazionale 2023-2024Prima
50%

Distribuzione punteggi

Percentile per numero di risposta

Percentuale di utenti per punteggio

I tuoi punteggi nel tempo

Non hai fatto questo quiz